Höchstgelegene Länder (im Durchschnitt) - Statistiken

Allgemein
  • Dieses Quiz wurde 93 mal gespielt
  • Das Durchschnittsergebnis liegt bei 13 aus 20
Antwortstatistiken
Höhe Land % Korrekt
2565 Nepal
96%
1871 Chile
88%
2220 Bhutan
86%
1350 Schweiz
85%
1192 Bolivien
84%
1555 Peru
84%
1840 China
80%
2988 Kirgisistan
74%
3186 Tadschikistan
74%
1996 Andorra
73%
1884 Afghanistan
69%
1432 Georgien
60%
1528 Mongolei
60%
1792 Armenien
59%
1305 Iran
53%
2161 Lesotho
38%
1598 Ruanda
37%
1504 Burundi
33%
1330 Äthiopien
25%
1250 Libanon
16%
Keine übereinstimmenden Quizze gefunden
Verteilung der Resultate
Anzahl Personen mit jedem Resultat
Perzentil nach korrekt beantworteten Fragen
Ihre Resultats-Entwicklung
Sie haben dieses Quiz noch nicht gespielt